[Event "Oberliga Ost A9899"]
[Site "GER"]
[Date "1998.??.??"]
[Round "?"]
[White "Ludwig, Kristin"]
[Black "Studeny, Steffen"]
[Result "1/2-1/2"]
[WhiteElo "2045"]
[BlackElo "2285"]

1.e4 g6 2.d4 Bg7 3.Nc3 c6 4.f4 d5 5.e5 h5 6.Nf3 Nh6 7.Be3 Bg4 8.h3 Bxf3 9.Qxf3 Nf5
10.Bf2 h4 11.Bd3 e6 12.O-O Nd7 13.b3 Bf8 14.Ne2 b6 15.c4 Ba3 16.Rab1 a5 17.Nc3 Qe7
18.Rfd1 Kf8 19.Rd2 Kg7 20.Rc2 Rad8 21.cxd5 exd5 22.Qg4 Qe6 23.Rf1 Be7 24.Bxf5 Qxf5
25.Qxf5 gxf5 26.Nd1 Nb8 27.Ne3 Kg6 28.Rd1 f6 29.Nf1 fxe5 30.fxe5 Kf7 31.Nh2 Ke6
32.Nf3 Rc8 33.Rdc1 Rh7 34.Be3 Kd7 35.Rf1 c5 36.Rcf2 Rf8 37.Ng5 Bxg5 38.Bxg5 Ke6
39.Rf4 cxd4 40.Rxd4 Nc6 41.Rxh4 Rxh4 42.Bxh4 Kxe5 43.Re1+ Kd6 44.Kf1 d4 45.Ke2 Kd5
46.Kd2 Ne5 47.Rf1 Nd7 48.Be7 Rf7 49.Bd8 Rf8 50.Be7 Rf7 51.Bd8 f4 52.h4 Rf8
53.Bg5 Ke4 54.Re1+ Kd5 55.Rf1 Ke4 56.Re1+  1/2-1/2

[Event "Oberliga Sued W9798"]
[Site "GER"]
[Date "1998.??.??"]
[Round "?"]
[White "Philippe, Christophe"]
[Black "Biegler, Helmut"]
[Result "1-0"]
[WhiteElo "2175"]
[BlackElo "2045"]

1.e4 g6 2.d4 Bg7 3.Nc3 c6 4.Bc4 d6 5.Qf3 e6 6.Nge2 b5 7.Bb3 a6 8.O-O Qe7
9.Be3 Bb7 10.a4 b4 11.Nb1 c5 12.Nd2 Nf6 13.Ng3 cxd4 14.Bxd4 Nc6 15.Be3 Nd7
16.Rab1 Na5 17.Qe2 O-O 18.Rfd1 Rfc8 19.Nc4 Nxc4 20.Bxc4 h5 21.f3 Ne5 22.Bb3 Qc7
23.Bd4 a5 24.h3 Ba6 25.Qf2 Nc4 26.Bxg7 Kxg7 27.Qd4+ e5 28.Qf2 Rd8 29.Nf1 Rac8
30.Rd5 Bb7 31.Bxc4 Qxc4 32.Rxa5 Qxc2 33.Qxc2 Rxc2 34.Rb5 Ba6 35.Rxb4 Re2
36.Rc1 d5 37.exd5 Rxd5 38.Rb6 Rd3 39.b4 e4 40.Ng3 Ra2 41.h4 exf3 42.gxf3 Rxa4
43.Rc7 Rd4 44.Rbb7 Bc4 45.Ne4 Ra2 46.Rd7 Bd5 47.Nc3 Bxb7 48.Rxd4 Rb2 49.Ne4 Bc6
50.Nd2  1-0

[Event "NRW-Liga II 9899"]
[Site "GER"]
[Date "1998.??.??"]
[Round "4"]
[White "Van Blitterswijk, Stefan"]
[Black "Wilczek, Ralph"]
[Result "1-0"]
[WhiteElo "2320"]
[BlackElo "2090"]

1.e4 g6 2.d4 Bg7 3.Nc3 c6 4.f4 d5 5.e5 h5 6.Nf3 Bg4 7.Be3 e6 8.h3 Bxf3 9.Qxf3 h4
10.Bd3 Nh6 11.O-O Nf5 12.Bf2 Bf8 13.Ne2 b5 14.b3 b4 15.c4 bxc3 16.Nxc3 Nd7
17.Rfc1 Rc8 18.Ba6 Rc7 19.Na4 Be7 20.Rc2 Kf8 21.Rac1 Qa8 22.Nc3 Nb8 23.Bd3 a6
24.Na4 Ba3 25.Rb1 a5 26.Qe2 Kg7 27.Nc5 Qa7 28.Qe1 Bb4 29.Qc1 Rhc8 30.Bxf5 exf5
31.Bxh4 Bxc5 32.dxc5 Nd7 33.Qe3 Re8 34.Qd4 Re6 35.a3 Rb7 36.Kh2 Rb5 37.Bf2 Qb8
38.Rc3 f6 39.Bg3 fxe5 40.fxe5 Qf8 41.b4 g5 42.a4 Rxb4 43.Rxb4 axb4 44.Qxb4 f4
45.Bf2 Nxe5 46.Bd4 Qf5 47.a5 Kg6 48.Qb8 Qe4 49.Qg8+ Kf5 50.Bxe5 Qxe5 51.Rf3 Qc7
52.a6 Re7 53.Rf2 d4 54.Qh8 d3 55.Qc3 Re3 56.Qd4 Qb8 57.Qxe3  1-0

[Event "BL2-S9798"]
[Site "Germany"]
[Date "1998.??.??"]
[Round "?.6"]
[White "Gerigk, Erasmus"]
[Black "Kistner, Klaus"]
[Result "1-0"]
[WhiteElo "2275"]
[BlackElo "2200"]

1.e4 g6 2.d4 Bg7 3.Nc3 c6 4.Bc4 b5 5.Bb3 d6 6.Qf3 e6 7.Bf4 Bb7 8.Nge2 Ne7
9.Qg3 Nc8 10.h4 h6 11.Bxe6 fxe6 12.Qxg6+ Kf8 13.Qxe6 Qf6 14.Qg4 Ne7 15.Qg3 Rg8
16.Bxd6 Nd7 17.Rd1 Bh8 18.Qh2 Kg7 19.Rd3 Kh7 20.Rf3 Qe6 21.Bxe7 Qxe7 22.Qc7 Rab8
23.O-O b4 24.Nd1 Ba6 25.Re1 Rgc8 26.Qa5 Bxe2 27.Rxe2 Bxd4 28.Qf5+ Kh8 29.Qh5 Bg7
30.e5 Rf8 31.e6 Rxf3 32.Qxf3 Ne5 33.Qb3 Rg8 34.Ne3 c5 35.Nf5 Qf6 36.Qh3 Bf8
37.f3 Nc6  1-0

[Event "Oberliga Ost B9798"]
[Site "Germany"]
[Date "1998.??.??"]
[Round "?.5"]
[White "Kartmann, Juergen"]
[Black "Baum, Bernd"]
[Result "0-1"]
[WhiteElo "2075"]
[BlackElo "2270"]

1.e4 g6 2.d4 Bg7 3.Nc3 c6 4.Nf3 d6 5.Bg5 b5 6.Qd2 Bb7 7.Bd3 Nd7 8.O-O h6
9.Be3 e5 10.Rad1 a6 11.dxe5 dxe5 12.a4 Ngf6 13.h3 b4 14.Ne2 c5 15.Ng3 Qc7
16.b3 Nf8 17.c3 bxc3 18.Qxc3 N6d7 19.Bc4 Rc8 20.Nh4 Bf6 21.Nhf5 gxf5 22.Nxf5 Ne6
23.Bxh6 Nd4 24.Bxf7+ Kxf7 25.Qc4+ Kg6 26.Rxd4 cxd4 27.Qe6 Rce8 28.Nh4+ Kxh6
29.Qg4 Bxh4 30.Qxh4+ Kg6 31.Qg4+ Kf7 32.f4 Nf6 33.fxe5 Qxe5 34.Rf5  0-1

[Event "Oberliga Nord O9798"]
[Site "Germany"]
[Date "1998.??.??"]
[Round "?"]
[White "Kleeschaetzky, Rainer"]
[Black "Lorenz, Sascha"]
[Result "1-0"]
[WhiteElo "2330"]
[BlackElo "2295"]

1.e4 g6 2.d4 Bg7 3.Nc3 c6 4.f4 d5 5.e5 h5 6.Nf3 Bg4 7.h3 Bxf3 8.Qxf3 e6 9.Be3 h4
10.Bd3 Nd7 11.O-O Nh6 12.Ne2 Nf5 13.Bf2 Bf8 14.b3 Be7 15.c4 Kf8 16.Rfc1 Kg7
17.c5 a5 18.a3 b6 19.b4 axb4 20.axb4 b5 21.Nc3 Qc7 22.Qd1 Qb7 23.Rxa8 Qxa8
24.Ra1 Qb7 25.Ra5 Ra8 26.Qa1 Rxa5 27.Qxa5 Kf8 28.Kh2 g5 29.Ne2 Ke8 30.Qa1 Nh6
31.fxg5 Bxg5 32.Qe1 Nb8 33.Bxh4 Qe7 34.Bf2 Qa7 35.Qb1 Qa3 36.Be1 Na6 37.g3 Be3
38.Kg2 Ng8 39.h4 f6 40.Bh7 Nh6 41.Qg6+ Kd7 42.exf6 Qb2 43.Kf1 Nxb4 44.Qg7+ Kc8
45.f7 Nxf7 46.Qxf7 Bxd4 47.Qxe6+ Kb8 48.Qe8+ Kb7 49.Qd7+ Kb8 50.Qd8+  1-0

[Event "Oberliga Ost A9798"]
[Site "Germany"]
[Date "1998.??.??"]
[Round "?.2"]
[White "Voigt, Ulrich"]
[Black "Seidens, Udo"]
[Result "1-0"]
[WhiteElo "2235"]
[BlackElo "2225"]

1.e4 g6 2.d4 Bg7 3.Nc3 c6 4.Bc4 b5 5.Bb3 b4 6.Qf3 e6 7.Nce2 d5 8.a3 bxa3
9.Rxa3 Nf6 10.e5 Nfd7 11.Qh3 f5 12.Bh6 O-O 13.Nf3 Re8 14.Bxg7 Kxg7 15.Qg3 Kh8
16.h4 Rg8 17.Ng5 Qe7 18.h5 gxh5 19.Rxh5 Nf8 20.Nf4 Bd7 21.Qh4 Be8 22.Ngxe6 Qxh4
23.Rxh4 Nxe6 24.Nxe6 a5 25.g3 Nd7 26.Ba4 Nb6 27.Nc5 Rg4 28.Rxg4 fxg4 29.Rb3 Nxa4
30.Nxa4 Bg6 31.Rc3 Rb8 32.Rxc6 Rb4 33.Nc5 Rxd4 34.Rc8+  1-0

[Event "NRW-Liga 9798"]
[Site "Germany"]
[Date "1998.??.??"]
[Round "6"]
[White "Bokelbrink, Uwe"]
[Black "Barsov, Alexei"]
[Result "1/2-1/2"]
[WhiteElo "2250"]
[BlackElo "2445"]

1.e4 g6 2.d4 Bg7 3.Nc3 c6 4.Be3 d5 5.f3 dxe4 6.fxe4 e5 7.Nf3 exd4 8.Bxd4 Bxd4
9.Qxd4 Qxd4 10.Nxd4 Nd7 11.Bc4 Ne5 12.Bb3 Nf6 13.O-O Ke7 14.Nf3 Nfd7 15.a4 a5
16.Rad1 Nxf3+ 17.gxf3 Nc5 18.Bc4 Be6 19.Bxe6 fxe6 20.b3 e5 21.Kf2 Rhf8 22.Kg3 Ne6
23.Ne2 Rad8 24.Rd3 Rxd3 25.cxd3 Rd8 26.Rd1 Nc5 27.Nc1 Rd4 28.h4 Ke6 29.h5 g5
30.Rd2 h6 31.Rc2 Nxd3 32.Nxd3 Rxd3 33.Rc5 Rxb3 34.Rxa5 Rb1 35.Ra8 Rh1 36.Rb8 Rxh5
37.Rxb7 Rh1 38.a5 Ra1 39.Rh7 Rxa5  1/2-1/2

[Event "Excelsior Cup"]
[Site "Gothenburg"]
[Date "1998.??.??"]
[Round "9"]
[White "Brynell, Stellan"]
[Black "Gavrikov, Viktor"]
[Result "1/2-1/2"]
[WhiteElo "2475"]
[BlackElo "2555"]

1.e4 g6 2.d4 Bg7 3.Nc3 c6 4.Nf3 d6 5.a4 Nf6 6.h3 O-O 7.Be3 Qc7 8.a5 Nbd7
9.Qd2 e5 10.dxe5 Nxe5 11.Nxe5 dxe5 12.Bc4 Rd8 13.Qe2 Nh5 14.g3 Bf8 15.Ra4 Ng7
16.h4 Be6 17.O-O b5 18.axb6 axb6 19.Rfa1 Rxa4 20.Rxa4 b5 21.Ra7 Qc8 22.Bxe6 Nxe6
23.Qf3 Rd7 24.Rxd7 Qxd7 25.Qd1 Qe8 26.h5 f6 27.hxg6 hxg6 28.Kg2 Qf7 29.f3 f5
30.exf5 gxf5 31.g4 fxg4 32.fxg4 Qg6 33.Kg3 Bh6 34.Qd2 Bf4+ 35.Bxf4 exf4+
36.Kf3 Qh6 37.Qd7 Qh3+ 38.Kf2 Qe3+ 39.Kf1 Nd4 40.g5 f3 41.Qd8+ Kh7 42.Qf6 Qc1+
43.Kf2 Qd2+ 44.Kg3 Qg2+ 45.Kh4 Qh2+ 46.Kg4 Qg2+ 47.Kh4 Qh2+ 48.Kg4 Qg2+  1/2-1/2

[Event "Gyongyos Matra Kupa"]
[Site "Gyongyos"]
[Date "1998.??.??"]
[Round "9"]
[White "Muhari, Istvan"]
[Black "Gyurkovics, Miklos"]
[Result "0-1"]
[WhiteElo "2145"]
[BlackElo "2235"]

1.e4 g6 2.d4 Bg7 3.Nc3 c6 4.f4 d5 5.e5 h5 6.Nf3 Bg4 7.h3 Bxf3 8.Qxf3 e6 9.Bd3 Nh6
10.Be3 Nf5 11.O-O-O h4 12.Bxf5 gxf5 13.g4 hxg3 14.Qxg3 Bh6 15.Rdg1 Nd7 16.Bd2 Qe7
17.Ne2 O-O-O 18.Qb3 Kb8 19.Kb1 Rdg8 20.Rg3 Qd8 21.Rhg1 c5 22.c4 dxc4 23.Qxc4 Rxg3
24.Rxg3 Nxe5 25.fxe5 Bxd2 26.dxc5 Qc7 27.Rd3 Bg5 28.Qc3 Qc6 29.a3 Qe4 30.Qc2 Rc8
31.Nd4 Be7 32.b4 Qxe5 33.Qc3 Bf6 34.Nb5 Qxc3 35.Nxc3 Bxc3 36.Rxc3 f4 37.Rf3 e5
38.Kc2 Kc7 39.Rd3 Rh8 40.Kd2 e4 41.Rd4 f5 42.Rd5 Rxh3 43.Rxf5 Rh2+ 44.Ke1 f3
45.b5 Kd7 46.Rf4 Re2+ 47.Kf1 Ke6 48.Rf8 Ke5 49.c6 bxc6 50.bxc6 Rc2  0-1

[Event "Helsinki op3"]
[Site "Helsinki"]
[Date "1998.??.??"]
[Round "4"]
[White "Keskisarja, Teemu"]
[Black "Parkkinen, Jyrki"]
[Result "1/2-1/2"]
[WhiteElo "2290"]
[BlackElo "2155"]

1.e4 c6 2.d4 g6 3.Nc3 Bg7 4.f4 d5 5.e5 h5 6.Nf3 Nh6 7.Be2 Bg4 8.Be3 e6 9.O-O Nd7
10.h3 Bxf3 11.Bxf3 Nf5 12.Bf2 Bf8 13.g3 c5 14.Ne2 cxd4 15.Nxd4 Nxd4 16.Bxd4 Bc5
17.c3 Bxd4+ 18.cxd4 Qb6 19.Rf2 Rc8 20.Rc1 O-O 21.Rfc2 Rc6 22.Qd2 Rfc8 23.Rc3 Qa5
24.a3 Rxc3 25.Rxc3 Rxc3 26.Qxc3 Qxc3 27.bxc3 Nb6 28.Bd1 Nc4 29.a4 Na3 30.Kf2 Nb1
31.Ke3 Nxc3 32.Bc2 Na2 33.g4 hxg4 34.hxg4 Nb4 35.Bb1 Kf8 36.f5 gxf5 37.gxf5 a6
38.f6 Ke8 39.Bh7 b5 40.axb5 axb5 41.Bb1 Kd7 42.Bh7 Ke8 43.Bb1 Kd8 44.Bh7 Ke8
45.Bb1 Kd7 46.Bh7 Ke8 47.Bb1 Kd7  1/2-1/2

[Event "Hessenliga9798"]
[Site "Hessen"]
[Date "1998.??.??"]
[Round "?.1"]
[White "Lutz, Klaus Juergen"]
[Black "Reschke, Thomas"]
[Result "0-1"]
[WhiteElo "2345"]
[BlackElo "2210"]

1.e4 g6 2.d4 Bg7 3.Nc3 c6 4.Bc4 d6 5.Qf3 e6 6.Nge2 Nd7 7.Bf4 Ngf6 8.Bb3 Qe7
9.h3 O-O 10.Qe3 e5 11.Bg5 b5 12.a3 Bb7 13.O-O exd4 14.Nxd4 a6 15.Nde2 c5
16.Bd5 Nb6 17.Bxb7 Qxb7 18.Qf4 Ne8 19.Bh6 Bxh6 20.Qxh6 b4 21.axb4 cxb4 22.Na4 Nxa4
23.Rxa4 Qb5 24.Nf4 Qxa4 25.Nd5 Qd7 26.f4 f5 27.exf5 Rxf5  0-1

[Event "4 Landerkampf"]
[Site "Hessen"]
[Date "1998.??.??"]
[Round "2"]
[White "Grafl, Florian"]
[Black "Markgraf, Alexander"]
[Result "1/2-1/2"]
[WhiteElo "2165"]
[BlackElo "2240"]

1.e4 g6 2.d4 Bg7 3.Nc3 c6 4.f4 d5 5.e5 h5 6.Nf3 Nh6 7.Be3 Bg4 8.Be2 Nf5 9.Bf2 e6
10.Qd2 Nd7 11.O-O-O Bf8 12.Ng1 Bxe2 13.Ngxe2 Qa5 14.Kb1 b5 15.Ng3 Bb4 16.Nxf5 gxf5
17.Be1 Qd8 18.Qd3 a5 19.Qg3 Bf8 20.Ne2 c5 21.Qh3 Be7 22.c3 c4 23.Qg3 Nf8
24.Qf3 Ng6 25.Ng3 Nh4 26.Qe2 Kd7 27.Rg1 Qf8 28.Bd2 Qh6 29.Be3 Ng6 30.Qc2  1/2-1/2

[Event "Hlohovec op"]
[Site "Hlohovec"]
[Date "1998.??.??"]
[Round "2"]
[White "Gazik, Igor"]
[Black "Vyparina, Matej"]
[Result "1-0"]
[WhiteElo "2380"]
[BlackElo "2120"]

1.e4 c6 2.d4 g6 3.Nc3 Bg7 4.Be3 d6 5.Qd2 Qc7 6.f3 Nd7 7.h4 h5 8.Nh3 b5 9.Ng5 a6
10.a4 Bb7 11.Be2 Rc8 12.O-O e6 13.f4 Ne7 14.Bd3 Qb8 15.f5 gxf5 16.exf5 e5
17.Nce4 Nd5 18.c4 Nxe3 19.f6 Bf8 20.Qxe3 bxc4 21.Nxf7 Bh6 22.Qh3  1-0

[Event "Hlohovec op"]
[Site "Hlohovec"]
[Date "1998.??.??"]
[Round "4"]
[White "Cvicela, Anton"]
[Black "Novak, Ivan"]
[Result "1/2-1/2"]
[WhiteElo "2120"]
[BlackElo "2435"]

1.e4 g6 2.d4 Bg7 3.Nc3 c6 4.Bg5 Qb6 5.Nge2 Qxb2 6.Rb1 Qa3 7.f4 f6 8.Bh4 Nh6
9.Qd2 O-O 10.h3 e5 11.Rb3 Qa5 12.fxe5 fxe5 13.d5 cxd5 14.Rb5 Qa6 15.Rxd5 Nc6
16.Bf2 b6 17.Nd4 Qa3 18.Ndb5 Qe7 19.Nd6 Kh8 20.Bb5 Nd4 21.O-O Nf7 22.Bh4 Qxh4
23.Nxf7+ Kg8 24.Bc4 Ne6 25.Rxd7 Bxd7 26.Qxd7 Nc5 27.Ng5+ Kh8 28.Nf7+  1/2-1/2

[Event "HUN-chT29899"]
[Site "HUN"]
[Date "1998.??.??"]
[Round "?"]
[White "Sulyok, Sandor"]
[Black "Barczay, Laszlo"]
[Result "0-1"]
[WhiteElo "2305"]
[BlackElo "2405"]

1.d4 g6 2.e4 Bg7 3.Nc3 c6 4.Be3 d5 5.Qd2 dxe4 6.Nxe4 Nd7 7.Bc4 Ndf6 8.Ng5 Nd5
9.N1f3 h6 10.Ne4 Bf5 11.Ng3 Be6 12.Bd3 Ngf6 13.O-O Qc7 14.Ne5 O-O-O 15.b4 h5
16.Ne2 Ng4 17.Nxg4 hxg4 18.g3 Rh3 19.Nf4 Nxf4 20.Bxf4 Rdh8 21.Rfe1 Rxh2 22.Kf1 Bd5
23.Be4 Qd7 24.Rad1 Rh1+ 25.Bxh1 Rxh1+ 26.Ke2 Bc4+ 27.Ke3 Qe6+  0-1

[Event "HUN-chT29899"]
[Site "HUN"]
[Date "1998.??.??"]
[Round "?"]
[White "Feher, Attila"]
[Black "Fusthy, Zsolt"]
[Result "1/2-1/2"]
[WhiteElo "2225"]
[BlackElo "2265"]

1.e4 g6 2.d4 Bg7 3.Nc3 c6 4.Be3 d5 5.Qd2 Nf6 6.Bh6 Bxh6 7.Qxh6 dxe4 8.O-O-O Bg4
9.Be2 Bxe2 10.Ngxe2 Qa5 11.Ng3 Nbd7 12.Rhe1  1/2-1/2

[Event "HUN-chT29899"]
[Site "HUN"]
[Date "1998.??.??"]
[Round "?"]
[White "Meszaros, Robert"]
[Black "Rozsa, Peter"]
[Result "1-0"]
[WhiteElo "2050"]
[BlackElo "2150"]

1.e4 c6 2.d4 g6 3.Nc3 Bg7 4.Bc4 d5 5.exd5 b5 6.Bb3 b4 7.Ne4 cxd5 8.Qf3 Bf5
9.Ng3 Be6 10.N1e2 Nf6 11.Bg5 Nbd7 12.Bxf6 Nxf6 13.Nf4 Bg4 14.Qe3 O-O 15.Nd3 a5
16.Nc5 Bd7 17.a4 bxa3 18.Rxa3 Bb5 19.Ba4 Bc4 20.b3 Qb6 21.bxc4 Qb4+ 22.Qc3 Qb1+
23.Ke2 Qb6 24.Rd1 e5 25.Rb3 Qc7 26.Rb7 Qc8 27.Kf1 exd4 28.Qa3 Ne4 29.Ngxe4 dxe4
30.Bd7 Qd8 31.Nxe4 Qh4 32.Bc6 Qxh2 33.Qf3 f5 34.Ng5  1-0

[Event "HUN-chT29899"]
[Site "HUN"]
[Date "1998.??.??"]
[Round "?"]
[White "Papista, Akos"]
[Black "Juhasz, Mihaly"]
[Result "1/2-1/2"]
[WhiteElo "2180"]
[BlackElo "2215"]

1.e4 g6 2.d4 Bg7 3.Nc3 c6 4.Be3 d5 5.Qd2 dxe4 6.Nxe4 Nd7 7.O-O-O Ngf6 8.Nxf6+ Nxf6
9.f3 h6 10.c4 Qc7 11.Kb1 Bf5+ 12.Ka1 Rd8 13.g4  1/2-1/2

[Event "HUN-chT2 9798"]
[Site "HUN"]
[Date "1998.??.??"]
[Round "?"]
[White "Hajdu, Istvan"]
[Black "Juhasz, Mark"]
[Result "1-0"]
[WhiteElo "2145"]
[BlackElo "2180"]

1.e4 g6 2.d4 Bg7 3.Nc3 c6 4.Be3 d5 5.Qd2 dxe4 6.Nxe4 Nd7 7.Nf3 Ngf6 8.Nxf6+ Nxf6
9.Bc4 Ne4 10.Qe2 Nd6 11.Bb3 a5 12.a4 e6 13.O-O O-O 14.Rfd1 Nf5 15.Bf4 Bd7
16.Ne5 Be8 17.c3 b5 18.axb5 cxb5 19.d5 Qb6 20.dxe6 fxe6 21.Nd7 Bxd7 22.Rxd7 Rad8
23.Bc7  1-0

[Event "HUN-chT 9798"]
[Site "Hungary"]
[Date "1998.??.??"]
[Round "?"]
[White "Grabics, Monika"]
[Black "Soponyai, Tamas"]
[Result "1-0"]
[WhiteElo "2255"]
[BlackElo "2150"]

1.e4 g6 2.d4 Bg7 3.Nc3 c6 4.Be3 d6 5.Qd2 Nd7 6.f3 b5 7.g4 Nb6 8.b3 a5 9.h4 h5
10.g5 d5 11.Bg2 Ra7 12.e5 a4 13.Nge2 e6 14.O-O Ne7 15.Bh3 Bf8 16.Nf4 Nf5
17.Bxf5 exf5 18.Nce2 Be6 19.Nc1 Be7 20.Ncd3 Qa8 21.Qe2 Nd7 22.Rac1 Ba3 23.Rb1 Be7
24.Bd2 Rc7 25.Bb4 Bxb4 26.Nxb4 O-O 27.c4 dxc4 28.Nxe6 fxe6 29.bxc4 Qa7 30.Nc2 Rb8
31.Kg2 Rcb7 32.cxb5 Rxb5 33.Rxb5 cxb5 34.d5 exd5 35.e6 Nc5 36.Nd4 Re8 37.Qxb5 Qe7
38.Re1 Kf8 39.Nc6 Qd6 40.Qb2 d4 41.Qxd4 Qxc6 42.Qf6+ Kg8 43.Qxg6+ Kh8 44.Qf6+ Kg8
45.Qf7+  1-0

[Event "HUN-chT 9798"]
[Site "Hungary"]
[Date "1998.??.??"]
[Round "?"]
[White "Horvath, Andras"]
[Black "Kakuk, Sandor"]
[Result "1-0"]
[WhiteElo "2260"]
[BlackElo "2210"]

1.e4 g6 2.d4 Bg7 3.Nc3 c6 4.Nf3 d5 5.h3 Nh6 6.e5 O-O 7.Bd3 f6 8.exf6 exf6
9.O-O Re8 10.Bf4 Be6 11.Qd2 Nf7 12.Ne2 Nd7 13.Rfe1 Nb6 14.b3 Qd7 15.a4 Rad8
16.Ng3 Nc8 17.c3 Ncd6 18.Qc2 Nh6 19.Rad1 Ndf5 20.Nxf5 Bxf5 21.Rxe8+ Rxe8
22.Re1 Kf7 23.Rxe8 Qxe8 24.Bxf5 Nxf5 25.g4 Bh6 26.Bxh6 Nxh6 27.Qd2 Kg7 28.Qf4 Qe7
29.Kg2 Nf7 30.Qe3 Qxe3 31.fxe3 Nd6 32.Nd2 Kf7 33.Kf3 f5 34.gxf5 Nxf5 35.c4 Nd6
36.cxd5 cxd5 37.Kf4 Kf6 38.Nf3 h6 39.Ne5 Ne4 40.Nd7+ Ke6 41.Nf8+ Kf7 42.Nd7 Ke7
43.Ne5 g5+ 44.Kg4 Nf2+ 45.Kg3 Ne4+ 46.Kg4 Ke6 47.Nd3 Nf6+ 48.Kf3 Kf5 49.a5 h5
50.Nc5 g4+ 51.hxg4+ hxg4+ 52.Ke2 b6 53.axb6 axb6 54.Na4 b5 55.Nc3 b4 56.Na2 Ke4
57.Nxb4 g3 58.Na2 Ng4 59.Nc3+ Kf5 60.Kf3 g2 61.Ne2 Nf6 62.b4 Ke6 63.Kxg2 Ne4
64.Kf3 Kd6 65.Kf4  1-0

[Event "HUN-chT 9798"]
[Site "Hungary"]
[Date "1998.??.??"]
[Round "?"]
[White "Szakall, Tamas"]
[Black "Horvath, Andras"]
[Result "1/2-1/2"]
[WhiteElo "2125"]
[BlackElo "2260"]

1.e4 g6 2.d4 Bg7 3.Nc3 c6 4.Bc4 d6 5.Qf3 e6 6.Nge2 Nd7 7.O-O Ngf6 8.Bb3 O-O
9.Bg5 Qc7 10.Rad1 a6 11.h3 b5 12.a3 Bb7 13.Qe3 c5 14.f4 b4 15.axb4 cxb4 16.e5 bxc3
17.exf6 Nxf6 18.Nxc3 Rfe8 19.Rfe1 Bc6 20.Qd3 d5 21.Ra1 a5 22.Ba4 Reb8 23.Bxc6 Qxc6
24.Ra2 Rb4 25.Bxf6 Bxf6 26.Ne2 Qb6 27.b3 Bxd4+ 28.Nxd4 Rxd4 29.Qe3 Rb4 30.Qxb6 Rxb6
31.Rea1 Rb5 32.Kf2 Rc8 33.Ke2 Kg7 34.Kd2 Rbc5 35.Rb2 Kf6 36.Ra4 h5 37.g4 hxg4
38.hxg4 g5 39.Rba2 gxf4 40.Rxf4+ Kg6 41.Rfa4 Kg5 42.Rd4 e5 43.Rda4 d4 44.Rxa5 Kxg4
45.Ra7 R8c7 46.Ra8 Kf4 47.b4 Rb5 48.Rb2 Rc4 49.Rf8 Rbxb4 50.Rxf7+ Ke4 51.Ra2 Ra4
52.Rb2 Rcb4 53.Rxb4 Rxb4 54.Rh7 Rc4 55.Rh4+ Kd5 56.Rh3 Rc6 57.Rg3 Rh6 58.Rg2 Kc4
59.Rg8 Rh2+ 60.Kd1 Kd5 61.Rg4 Ke6 62.Rg5 Kf6 63.Rg1 Kf5 64.Rf1+ Ke4 65.Re1+ Kd5
66.Rg1 Rf2 67.Rg4 e4 68.Rg5+ Ke6 69.Rh5 e3 70.Rc5 Rf5 71.Rc8 Ke5 72.Ke2 Rf2+
73.Ke1 Rd2 74.Re8+ Kd5 75.Rc8 Rh2 76.Kd1 Rh4 77.Ke2 Rh2+ 78.Kd1 Ke4 79.Re8+ Kf3
80.Rf8+ Kg2  1/2-1/2

[Event "Russia-chB (Women)"]
[Site "Kolontaevo"]
[Date "1998.??.??"]
[Round "?"]
[White "Minakova, Olga"]
[Black "Fenina, Tanya"]
[Result "0-1"]
[WhiteElo "2020"]
[BlackElo "2145"]

1.e4 g6 2.d4 c6 3.Nc3 Bg7 4.f4 d5 5.e5 h5 6.Bd3 Bg4 7.Nf3 Nh6 8.h3 Bxf3 9.Qxf3 h4
10.f5 Nxf5 11.Bxf5 gxf5 12.Qxf5 e6 13.Qg4 Bf8 14.Bg5 Be7 15.Bxe7 Qxe7 16.Qg7 Rf8
17.O-O-O Nd7 18.g3 hxg3 19.Qxg3 O-O-O 20.h4 Rh8 21.h5 Rdg8 22.Qh4 Qg5+ 23.Rd2 a6
24.Ne2 c5 25.c3 cxd4 26.cxd4 Nb8 27.Qxg5 Rxg5 28.Nf4 Nc6 29.Rh4 Rh6 30.Kc2 Kd7
31.Kc3 Ne7 32.Rg2 Rxg2 33.Nxg2 Nf5 34.Rh3 Ke7 35.Nf4 f6 36.Ng6+ Kf7 37.exf6 Kxf6
38.Ne5 Rh7 39.Nd3 Rc7+ 40.Kd2 Nxd4 41.h6 Rh7 42.Nc5 Kg6 43.Kd3 e5 44.Re3 Nc6
45.Rg3+ Kxh6 46.Rh3+ Kg6 47.Rxh7 Kxh7 48.a3 a5 49.Nxb7 Kg6 50.Nd6 Kf6 51.Nb5 e4+
52.Kc3 Ke5 53.b4 axb4+ 54.axb4 d4+ 55.Kc4 e3 56.Na3 Nxb4 57.Kxb4 e2 58.Nc2 d3
59.Ne1 d2 60.Nf3+ Ke4  0-1

[Event "MK Cafe Cup-B"]
[Site "Koszalin"]
[Date "1998.??.??"]
[Round "9"]
[White "Liwak, Przemyslaw"]
[Black "Rutkowska, Mariola"]
[Result "1-0"]
[WhiteElo "2230"]
[BlackElo "2115"]

1.e4 g6 2.d4 Bg7 3.Nc3 c6 4.Bc4 d5 5.exd5 b5 6.Bb3 b4 7.Nce2 cxd5 8.Nf4 Nf6
9.Nf3 O-O 10.O-O Nc6 11.a3 Bg4 12.axb4 Nxb4 13.h3 Bf5 14.Ne5 a5 15.c3 Na6
16.Nc6 Qd6 17.Nxa5 g5 18.Nh5 Nxh5 19.Qxh5 h6 20.Qe2 Nc7 21.Nb7 Qb6 22.Rxa8 Rxa8
23.Nc5 e5 24.Be3 exd4 25.Bxd4 Bxd4 26.cxd4 Re8 27.Qf3 Qg6 28.Qg3 Nb5 29.Rd1 Rd8
30.Qe5 Bc2 31.Bxc2 Qxc2 32.Re1 Qg6 33.Nd7 Rxd7 34.Qe8+ Kh7 35.Qxd7 Nxd4 36.Qxd5 Ne6
37.Qe4  1-0

[Event "RUS-ch sf"]
[Site "Krasnodar"]
[Date "1998.??.??"]
[Round "?"]
[White "Maiorov, Oleg"]
[Black "Tseshkovsky, Vitaly"]
[Result "0-1"]
[WhiteElo "2405"]
[BlackElo "2510"]

1.e4 g6 2.d4 Bg7 3.Nc3 c6 4.Nf3 d6 5.Be2 Nf6 6.O-O O-O 7.a4 Na6 8.Be3 Nc7
9.Nd2 d5 10.e5 Nfe8 11.f4 f6 12.Bf3 Bh6 13.Qe2 Ng7 14.g4 Nce6 15.exf6 exf6
16.Bg2 Qd6 17.Qf2 f5 18.g5 Bxg5 19.fxg5 f4 20.Nf3 fxe3 21.Qxe3 Nf5 22.Qd2 b6
23.Ne2 Ba6 24.Rf2 Bxe2 25.Rxe2 Nf4 26.Re5 Nxg2 27.Kxg2 Qd7 28.h3 Nd6 29.Nh2 Nc4
30.Qe2 Nxe5 31.dxe5 Qe7 32.h4 h5 33.gxh6 Qxh4 34.Ng4 Rf4 35.Nf6+ Kh8 36.Qe1 Qg5+
37.Kh3 Rf3+ 38.Kh2 Qxh6+  0-1

[Event "RUS-Cup"]
[Site "Krasnodar"]
[Date "1998.??.??"]
[Round "1"]
[White "Skorchenko, Dmitry"]
[Black "Tseshkovsky, Vitaly"]
[Result "0-1"]
[WhiteElo "2255"]
[BlackElo "2510"]

1.e4 g6 2.d4 Bg7 3.Nc3 c6 4.Bc4 d6 5.Qf3 e6 6.Nge2 Ne7 7.Bg5 Nd7 8.a4 O-O
9.Qe3 Re8 10.O-O d5 11.Bd3 dxe4 12.Nxe4 h6 13.Bxe7 Qxe7 14.f4 a5 15.c3 b6
16.Rad1 Bb7 17.Kh1 Rab8 18.Ng1 c5 19.dxc5 Nxc5 20.Nxc5 Qxc5 21.Qxc5 bxc5
22.Bb5 Red8 23.Nf3 Be4 24.Kg1 Bf8 25.Rd2 Rxd2 26.Nxd2 Bd5 27.Nf3 Kg7 28.Kf2 g5
29.g3 Rd8 30.Ke3 Kf6 31.fxg5+ hxg5 32.Nd2+ Kg6 33.Ne4 Be7 34.Rd1 Rh8 35.Rd2 f5
36.Nf2 c4 37.h3 Bc5+ 38.Ke2 Kf6 39.g4 f4 40.Bxc4 Bxc4+  0-1

[Event "Krasnodar2"]
[Site "Krasnodar"]
[Date "1998.??.??"]
[Round "3"]
[White "Maiorov, Oleg"]
[Black "Tseshkovsky, Vitaly"]
[Result "1-0"]
[WhiteElo "2405"]
[BlackElo "2510"]

1.e4 g6 2.d4 Bg7 3.Nc3 c6 4.f4 d6 5.Nf3 Qb6 6.Bc4 Nh6 7.h3 Nd7 8.a4 Qd8 9.Bb3 e6
10.Be3 d5 11.g4 Ng8 12.Qd2 Ne7 13.O-O-O Nb6 14.Rde1 a5 15.f5 dxe4 16.Nxe4 gxf5
17.gxf5 Nxf5 18.Bg5 f6 19.Nc5 fxg5 20.Bxe6 Kf8 21.Bxc8 Qxc8 22.Ne6+ Kf7 23.Rhf1 Bh6
24.Nfxg5+ Kg6 25.Rxf5 Qxe6 26.Rxe6+ Kxf5 27.Qf2+ Kxg5 28.Qf6+  1-0

[Event "Krasnodar"]
[Site "Krasnodar"]
[Date "1998.??.??"]
[Round "5"]
[White "Zezulkin, Jurij"]
[Black "Iordachescu, Viorel"]
[Result "0-1"]
[WhiteElo "2485"]
[BlackElo "2520"]

1.e4 g6 2.d4 Bg7 3.Nc3 c6 4.Bc4 d6 5.Qf3 e6 6.Nge2 Nd7 7.O-O b5 8.Bb3 a5
9.a3 Ba6 10.Bf4 Qe7 11.Rfd1 e5 12.Bg5 Ngf6 13.Rd2 h6 14.Bh4 O-O 15.Re1 Qe8
16.dxe5 Nxe5 17.Qe3 b4 18.Bxf6 Bxf6 19.Rxd6 Qe7 20.Rxf6 Qxf6 21.Na4 Rad8
22.h3 Bxe2 23.Rxe2 Rd1+ 24.Kh2 g5 25.Nc5 Qd6 26.g3 g4 27.Kg2 gxh3+ 28.Kxh3 Qg6
29.Kg2 Qh5 30.Re1 Ng4 31.Qe2 Rxe1 32.Qxe1 Qxc5  0-1

[Event "Krasnodar"]
[Site "Krasnodar"]
[Date "1998.??.??"]
[Round "9"]
[White "Brodsky, Michail"]
[Black "Iordachescu, Viorel"]
[Result "1-0"]
[WhiteElo "2545"]
[BlackElo "2520"]

1.e4 g6 2.d4 Bg7 3.Nc3 c6 4.Nf3 d5 5.h3 Nf6 6.e5 Ne4 7.Bd3 Nxc3 8.bxc3 c5
9.O-O Nc6 10.Re1 O-O 11.Bd2 c4 12.Bf1 f6 13.Bf4 g5 14.Bg3 Bf5 15.Qd2 Qd7
16.h4 h6 17.hxg5 hxg5 18.Nh2 Rf7 19.Be2 Bh8 20.Nf1 Rh7 21.Ne3 Be6 22.exf6 exf6
23.f4 gxf4 24.Bxf4 Ne7 25.g3 Ng6 26.Ng2 Rf8 27.Bf3 Bf5 28.Re3 Rh3 29.Rae1 Bg7
30.Qe2 Bh6 31.Bxh6 Rxh6 32.g4 Be4 33.Bxe4 dxe4 34.Rxe4 Qc7 35.Re8 Qh2+ 36.Kf2 Rh3
37.Qe4 Qg3+ 38.Kg1 Qh2+ 39.Kf2 Qg3+ 40.Kg1 Qh2+ 41.Kf1 Kg7 42.Rxf8 Kxf8 43.Qf5  1-0

[Event "Ljubljana op"]
[Site "Ljubljana"]
[Date "1998.??.??"]
[Round "2"]
[White "Skok, Joze"]
[Black "Boric, Muhamed"]
[Result "1/2-1/2"]
[WhiteElo "2145"]
[BlackElo "2400"]

1.e4 g6 2.d4 Bg7 3.Nc3 c6 4.Nf3 d6 5.a4 Nf6 6.Bc4 d5 7.exd5 cxd5 8.Bb5+ Bd7
9.Bxd7+ Nbxd7 10.O-O O-O 11.Ne5 e6 12.Qe2 a6 13.a5 Nxe5 14.dxe5 Nd7 15.f4 Qc7
16.Be3 Rfc8 17.Bd4 Bf8 18.Kh1 Qc4 19.Qf2 Bc5 20.Rfd1 Bxd4 21.Rxd4 Qc5 22.Rad1 Nb8
23.Ne4 dxe4 24.Rd8+ Kg7 25.Qh4 Nd7 26.R1xd7 Rxd8 27.Qf6+ Kh6 28.Qh4+  1/2-1/2

[Event "SLO-ch"]
[Site "Maribor"]
[Date "1998.??.??"]
[Round "2"]
[White "Vombek, Dani"]
[Black "Mohr, Georg"]
[Result "1/2-1/2"]
[WhiteElo "2310"]
[BlackElo "2455"]

1.e4 g6 2.d4 Bg7 3.Nc3 c6 4.Bc4 d6 5.Qf3 e6 6.Nge2 Nd7 7.O-O Ngf6 8.Bb3 O-O
9.Bg5 h6 10.Bh4 e5 11.Rad1 Qe7 12.Qe3 g5 13.Bg3 Re8 14.f3 Nf8 15.dxe5 dxe5
16.Qd2 Nh5 17.Qd6 Qxd6 18.Rxd6 Ne6 19.Bf2 Bf8 20.Rd2 Nc5 21.Rfd1 Nxb3 22.cxb3 Be6
23.Be3 Nf4  1/2-1/2